00000000nam##2200000za#4500
0019.531679
003CaOODSP
00520200327071957
007ta
008150406|1999||||xxc|||||     f|0| 0 fre|d
020 |a0-660-60839-1
040 |aCaOODSP|bfre
041 |aeng
041 |afre
043 |an-cn---
0861 |aBT31-2/2000-III-67
1101 |aCanada. |bConseil du trésor.
24510|aGendarmerie royale du Canada
260 |aOttawa - Ontario : |bSecrétariat du Conseil du Trésor du Canada |c1999.
300 |aTexte français, 66p. : |borganigrammes, tableaux ; |c28 cm.
4901 |aBudget des dépenses 1999-2000, partie III: Rapport sur les plans et les priorités
546 |aBilingue
563 |aCouverture souple
590 |a99-13|b1999-04-01
69107|aPrévisions budgétaires|2gcpds
7760#|tRoyal Canadian Mounted Police, a report on plans and priorities for 1999/2000-2001/2002 |w(CaOODSP)9.567803
7760#|tGendarmerie royale du Canada, rapport sur les plans et les priorités pour les exercices 1999-2000 à 2001-2002 |w(CaOODSP)9.599127
791 |tRoyal Canadian Mounted Police |eeng|w(CaOODSP)9.531678
830#0|aBudget des dépenses 1999-2000, partie III: Rapport sur les plans et les priorités.|w(CaOODSP)9.508963